=LDR 00000nam 2200000 4500 =001 NUTBA000000000002309 =005 20140611151022.0 =006 =007 =008 =020 ##$$a 978-602-98179-7-3 =035 ##$$a 0010-061400000000252 =040 ##$$a NBPDMAT =082 ##$$a 636.932 2 =090 ##$$a 636.932 2 $b Yul b =100 ##$$a A.Yulianto =245 ##$$a Budidaya kelinci / A.Yulianto ; penyunting, Chrisna =250 ##$$a Cet.3 =260 ##$$a Jogjakarta ; $b Javalitera, $c 2014 =300 ##$$a 92 hlm. : $b ilus. ; $c 21 cm. =500 ##$$a Bibliografi : hlm. 91 - 92 =650 ##$$a Kelinci - Budidaya =700 ##$$a Chrisna =850 ##$$a NBPDMAT =990 ##$$a 21401932